000 00965nam a2200289 a 4500
999 _c9462
_d9462
001 9462
003 BD-JhCC
005 20180314170609.0
008 180314s19531964enka b 000 0 eng d
035 _a74-99983
035 _a(BD-JhCC)9462
040 _aBD-JhCC
_cBD-JhCC
_dm.c
041 _aeng
082 _a821.912
_bFRA 1953
100 1 _aFraser, G. S.
_q(George Sutherland),
_d1915-1980
245 1 0 _aDylan Thomas /
_cby G. S. Fraser
250 _a1st ed., repr. with additions to bibliography
260 _aHarlow :
_bPublished for the British Council and the National Book League, by Longmans, Green,
_c1969
300 _a36 p. :
_bport ;
_c22 cm
490 1 _aWriters and their work ;
_v90
500 _aA reprint, with additions to the bibliography, of the revised ed. published 1964.
504 _aBibliography: p. 35-36
600 1 0 _aThomas, Dylan,
_d1914-1953.
830 0 _aWriters and their work ;
_v90.
942 _2ddc
_cBK